Considérations morales (Registo nº 75688)

Detalhes MARC
000 -Etiqueta do registo
campo de controlo de comprimento fixo 00290 a2200121 4500
001 - Identificador do registo
Campo de controlo 75688
005 - Identificador da versão
Campo de controlo 20260304162119.0
010 ## - ISBN
Número (ISBN) 2-7436-00497
100 ## - Dados Gerais de Proc.
Dados gerais de processamento 20260304 pory50
200 ## - Título
Título próprio Considérations morales
Primeira menção de responsabilidade Hannah Arendt
210 ## - Publicação, Distribuição
Nome do editor, distribuidor, etc. Payot & Rivages
Data da publicação, distribuição, etc. 1996
090 ## - Números de controlo do sistema (Koha)
Número biblioitem do Koha (gerado automaticamente) 75688
942 ## - Elementos de entrada adicionados (Koha)
Tipo de item no Koha Monografias

Não há exemplares disponíveis.